00891nam a2200229 u 450000100070000000500170000700800410002403500110006503500210007604000130009704100080011008000070011810000440012524501060016926000430027530000110031865000390032965000300036870000490039870000440044778701700049180526120260506095634.0030409s2002 spa  a805261 a(OCoLC)777860675 ccomduadb aspa aWA10aGonzalez Arango, Eliana Maria4auteaut10aSistema de informacion para el apoyo de la gestion de la Secretaria de Salud del Municipio de Cartago aMedellín :b[sin publicador],c2002. a126 h. aSistemas de información en salud aCartago (Valle del Cauca)10aRodríguez Tejada, Claudia Milena4auteaut10aMarin Echeverri, Alfonso Heli4thseths08iVéasetInforme de practica (Gerencia en Sistemas de Informacion en Salud). Universidad de Antioquia. Facultad Nacional de Salud Publica "Hector Abad Gomez"w360720